Les meilleurs buteurs des grands clubs européens - Statistiques

Statistiques générales
  • Ce quiz a été pris 43 fois
  • Le résultat moyen est 10 sur 22
Statistiques - réponses
Club Meilleur buteur % Correct
Real Madrid Cristiano Ronaldo
95%
FC Barcelone Lionel Messi
95%
Paris Saint-Germain Kylian Mbappé
85%
Tottenham Harry Kane
83%
Atletico Madrid Antoine Griezmann
80%
Arsenal Thierry Henry
80%
AS Roma Francesco Totti
78%
Bayern Munich Gerd Müller
73%
Manchester United Wayne Rooney
68%
Manchester City Sergio Agüero
60%
Juventus Turin Alessandro Del Piero
58%
Chelsea Frank Lampard
58%
Napoli Dries Mertens
28%
Liverpool Ian Rush
25%
RB Leipzig Timo Werner
20%
Inter Milan Giuseppe Meazza
18%
Olympique de Marseille Gunnar Andersson
18%
AS Monaco Delio Onnis
13%
Olympique lyonnais Fleury Di Nallo
5%
AC Milan Gunnar Nordahl
3%
Borussia Dortmund Alfred Preissler
0%
Bayer Leverkusen Ulf Kirsten
0%
Aucun quiz correspondant
Distribution des résultats
% des personnes avec chaque résultat
Percentile par nombre de réponses
Votre historique - résultats
Vous n’avez pas pris ce quiz